000 00562nam a2200193 a 4500
020 _a0697291588
040 _cDLC
082 0 0 _a540 BRO 1997 A032 Or.
245 0 0 _aChemistry in context :
_bapplying chemistry to society /
250 _a2nd ed.
260 _aDubuque, IA :
_bWm. C. Brown,
_cc1997.
300 _axviii, 502 p. :
_bcol. ill. ;
_c28 cm.
500 _a"A project of the American Chemical Society."
650 0 _aBiochemistry.
650 0 _aGeochemistry.
700 1 _aSchwartz, A. Truman
710 2 _aAmerican Chemical Society.
942 _cEK
999 _c12077
_d12077